书目信息 |
| 题名: |
在广阔天地里
|
|
| 作者: | ||
| 分册: | ||
| 出版信息: | 北京 人民美术出版社 1974 |
|
| 页数: | 47页 | |
| 开本: | 18X17cm | |
| 丛书名: | ||
| 单 册: | ||
| 中图分类: | J221 , J22 | |
| 科图分类: | ||
| 主题词: | 绘画--作品--中国--现代--画册 , 绘画 | |
| 电子资源: | ||
| ISBN: | ||
| 000 | 00588nam0 2200229 450 | |
| 001 | 1555437587 | |
| 005 | 20150131152430.34 | |
| 010 | @dCNY0.50 | |
| 091 | @a8027.5991@dCNY0.50 | |
| 100 | @a20040316d1974 em y0chiy0110 ea | |
| 101 | 0 | @achi |
| 102 | @aCN@b110000 | |
| 105 | @aa z 000yy | |
| 200 | 1 | @a在广阔天地里@9zai guang kuo tian di li@e美术作品选 |
| 210 | @a北京@c人民美术出版社@d1974 | |
| 215 | @a47页@d18X17cm | |
| 606 | 0 | @a绘画@x作品@y中国@z现代@j画册 |
| 606 | 0 | @a绘画 |
| 690 | @aJ221@v5 | |
| 690 | @aJ22@v4 | |
| 801 | 0 | @aCN@bTSSF@c20150131 |
| 905 | @aZUCC@dJ22@eJY86 | |
| 在广阔天地里:美术作品选.-北京:人民美术出版社,1974 |
| 47页;18X17cm |
| ISBN :CNY0.50 |
| ● |
| 相关链接 |
|
|
|
|
正题名:在广阔天地里
索取号:J22/JY86
 
预约/预借
| 序号 | 登录号 | 条形码 | 馆藏地/架位号 | 状态 | 备注 |
| 1 | 7861707 | 278617070 | 学院路分馆/ [索取号:J22/JY86] | 在馆 | |
| 2 | 7861708 | 278617089 | 学院路分馆/ [索取号:J22/JY86] | 在馆 |